| 000 | 01038nam a22003497a 4500 | ||
|---|---|---|---|
| 001 | BR7807986 | ||
| 003 | BR-BrBNA | ||
| 005 | 20230928085846.0 | ||
| 007 | ta | ||
| 008 | 230509b bl.||||| |||| 00| 0 por d | ||
| 040 |
_aBR-BrBNA _bpor _cBiblioteca Nacional de Agricultura |
||
| 041 | _a(Por) | ||
| 072 |
_aE10; E13; E16 _b/G514 |
||
| 090 | _ E10 BR7807986 | ||
| 110 | 1 |
_aAssociacao Nacional de Centros de Pos Graduacao em Economia, Sao Paulo, SP (Brasil) _9649 |
|
| 111 | 1 |
_a6. Encontro Nacional de Economia _cGramado, RS (Brazil) _d5-8 Dec 1978 |
|
| 245 | 1 |
_a6. Encontro Nacional de Economia [Brasil] _bv. 1 |
|
| 260 | 3 |
_aSao Paulo, SP (Brasil): _c1978. |
|
| 300 | _a525 p. | ||
| 650 | _aPOLITICA ECONOMICA | ||
| 650 | _aPROPRIEDADE RURAL | ||
| 650 | _aCOLONIZACAO | ||
| 650 | _aTRABALHADOR RURAL | ||
| 650 | _aEMPREGO | ||
| 650 | _aSALARIO | ||
| 650 | _aESTRUTURA AGRARIA | ||
| 650 | _aCREDITO RURAL | ||
| 650 | _aRECURSO ECONOMICO | ||
| 650 | _aINFLACAO | ||
| 909 |
_a202309 _bLucia _c55 _dLucia Elande |
||
| 942 | _cBK | ||
| 999 |
_c26730 _d26730 |
||